[Event "We Are Family"]
[Site "SchemingMind.com"]
[Date "2006.11.11"]
[Round "-"]
[White "aston294"]
[Black "Lee Shuck"]
[Result "0-1"]
[WhiteCountry "ENG"]
[BlackCountry "ENG"]
[WhiteElo "941"]
[WhiteRD "68"]
[BlackElo "1248"]
[BlackRD "62"]
[GameID "76264"]

1. d4 Nf6 2. Bg5 Ne4 3. f3 Nxg5 4. h4 Ne6 5. e3 g6 6. Nc3 Bh6 7. f4 f5 8. d5 Nc5 9. Qd4 e5 10. Qxe5+ Kf7
11. Rd1 Bg7 12. Rd4 Bxe5 13. Rb4 Bd6 14. g3 Nd3+ 15. Bxd3 Bxb4 16. Ne2 Re8 17. h5 Rxe3 18. Bc4 Qe8
0-1

[Event "We Are Family"]
[Site "SchemingMind.com"]
[Date "2006.11.11"]
[Round "-"]
[White "Lee Shuck"]
[Black "aston294"]
[Result "1-0"]
[WhiteCountry "ENG"]
[BlackCountry "ENG"]
[WhiteElo "1248"]
[WhiteRD "62"]
[BlackElo "941"]
[BlackRD "68"]
[GameID "76265"]

1. g3 e5 2. c4 c5 3. Bg2 b6 4. Bxa8 Na6 5. Nf3 Nf6 6. Nxe5 d6 7. Nf3 Bf5 8. Nc3 d5 9. cxd5 Bg4 10. Nh4 g5
11. Ng2 Qxa8 12. Qa4+ Kd8 13. Qc6 Qc8 14. Qxf6+ Ke8 15. Qxh8 Nb4 16. Ne3 Nxd5 17. Nexd5 Qd8 18. Nf6+ Ke7 19. Nxg4
1-0

[Event "We Are Family"]
[Site "SchemingMind.com"]
[Date "2006.11.11"]
[Round "-"]
[White "andy5698"]
[Black "Lee Shuck"]
[Result "0-1"]
[WhiteCountry "ENG"]
[BlackCountry "ENG"]
[WhiteElo "1229"]
[WhiteRD "79"]
[BlackElo "1248"]
[BlackRD "62"]
[GameID "76267"]

1. e4 c5 2. d4 cxd4 3. Qxd4 Nc6 4. Qd3 Nf6 5. Bg5 Ne5 6. Qg3 Qc7 7. Nf3 d6 8. Bxf6 exf6 9. Nc3 Qa5 10. Bb5+ Bd7
11. Nd4 a6 12. Nb3 Qb4 13. a3 Nc6 14. axb4 Nxb4 15. Rc1 axb5 16. O-O g6 17. Rcd1 Nxc2 18. Nd5 Ra4 19. Rd4 Nxd4 20. Nxf6+ Ke7
21. Nd5+ Kd8 22. Ra1 Ne2+ 23. Kh1 Nxg3+ 24. hxg3 Be6 25. Rd1 Rxe4 26. Rc1 Bxd5 27. Na5 b6 28. f3 Ra4
0-1

[Event "We Are Family"]
[Site "SchemingMind.com"]
[Date "2006.11.11"]
[Round "-"]
[White "andy5698"]
[Black "aston294"]
[Result "1-0"]
[WhiteCountry "ENG"]
[BlackCountry "ENG"]
[WhiteElo "1229"]
[WhiteRD "79"]
[BlackElo "941"]
[BlackRD "68"]
[GameID "76268"]

1. h4 h5 2. Nf3 Nf6 3. d4 Nc6 4. Bg5 Ng4 5. Ne5 d6 6. Nxc6 bxc6 7. f3 Ne3 8. Qd2 Nxf1 9. Kxf1 f6 10. Bf4 e5
11. dxe5 fxe5 12. Bg5 Be7 13. a4 Ba6 14. Nc3 Rb8 15. b3 Rf8 16. b4 Rf5 17. b5 cxb5 18. axb5 Bxb5 19. Nxb5 Rxb5 20. Rxa7 Bxg5
21. Qc3 Rb7 22. Rxb7 Bxh4 23. Rxh4 Qc8 24. Qb3 g5 25. Rxh5 Qd7 26. Rb8+ Ke7 27. e4 Qc6 28. exf5
1-0

[Event "We Are Family"]
[Site "SchemingMind.com"]
[Date "2006.11.11"]
[Round "-"]
[White "Lee Shuck"]
[Black "andy5698"]
[Result "0-1"]
[WhiteCountry "ENG"]
[BlackCountry "ENG"]
[WhiteElo "1248"]
[WhiteRD "62"]
[BlackElo "1229"]
[BlackRD "79"]
[GameID "76269"]

1. e4 d5 2. exd5 Qxd5 3. Nc3 Qd6 4. d4 Nc6 5. d5 Na5 6. Ne4 Qe5 7. f3 Bf5 8. Bb5+ c6 9. Ba4 Qxd5 10. Nd2 Nf6
11. b3 O-O-O 12. c4 Qd4 13. b4 Qxa1 14. bxa5 Rd3 15. a6 bxa6 16. Bxc6 e5 17. Be4 Bxe4 18. fxe4 Bb4 19. Nf3 Nxe4 20. a3 Rhd8
21. Nxe5 Rxd2
0-1

[Event "We Are Family"]
[Site "SchemingMind.com"]
[Date "2006.11.11"]
[Round "-"]
[White "aston294"]
[Black "andy5698"]
[Result "0-1"]
[WhiteCountry "ENG"]
[BlackCountry "ENG"]
[WhiteElo "941"]
[WhiteRD "68"]
[BlackElo "1229"]
[BlackRD "79"]
[GameID "76270"]

1. d4 d5 2. Nf3 g6 3. Ne5 Bg7 4. e3 f6 5. Bb5+ c6 6. Nxc6 bxc6 7. Bxc6+ Nxc6 8. c3 Ba6 9. f4 e5 10. g3 Nge7
11. Qa4 Bd3 12. Nd2 O-O 13. fxe5 fxe5 14. dxe5 Nxe5 15. Rf1 Bxf1 16. Nxf1 Ng4 17. h3 Nf2 18. Ke2 Rc8 19. h4 Rc4 20. Qxa7 Re4
21. Bd2 Rf6 22. Nh2 Bh6 23. c4 dxc4 24. Bc3 Rfe6 25. Ng4 Rxg4 26. Ba5 Qd6 27. Qa8+ Kg7 28. Rd1 Qxd1+ 29. Kxf2 Rxe3 30. Qe8 Rgxg3
31. Qxe7+ Rxe7
0-1

[Event "We Are Family"]
[Site "SchemingMind.com"]
[Date "2006.11.15"]
[Round "-"]
[White "DrunkChess"]
[Black "Lee Shuck"]
[Result "0-1"]
[WhiteCountry "GBR"]
[BlackCountry "ENG"]
[WhiteElo "1014"]
[WhiteRD "120"]
[BlackElo "1344"]
[BlackRD "62"]
[GameID "76383"]

1. d4 Nf6 2. Nf3 d5 3. Nc3 e6 4. Qd3 Nc6 5. Nb5 Bb4+ 6. c3 Ba5 7. Bg5 h6 8. Bf4 Rb8 9. Ne5 g5 10. Bd2 a6
11. Na3 h5 12. Nec4 g4 13. Ne5 Qd6 14. f4 Bb6 15. Rg1 Ne4 16. h3 f5 17. c4 Nxd4 18. Qxd4 Bxd4 19. e3 Bxb2 20. Nc2 Bxa1
21. Nxa1 Nxd2 22. Kxd2 dxc4+ 23. Kc3 b5 24. Be2 Qa3+ 25. Kd4 Bb7 26. Nc2 Qb2+ 27. Kc5 Qxc2 28. Ng6 Rh6 29. Ne5 Qxe2 30. Rh1 Qxe3+
31. Kb4 Bxg2 32. Rd1 c5+ 33. Ka5 Qa3#
0-1

[Event "We Are Family"]
[Site "SchemingMind.com"]
[Date "2006.11.15"]
[Round "-"]
[White "DrunkChess"]
[Black "andy5698"]
[Result "1-0"]
[WhiteCountry "GBR"]
[BlackCountry "ENG"]
[WhiteElo "1014"]
[WhiteRD "120"]
[BlackElo "1260"]
[BlackRD "74"]
[GameID "76384"]

1. d4 g5 2. Nf3 Bh6 3. Bxg5 f6 4. Bh4 f5 5. Qd3 e6 6. Bxd8 Kxd8 7. Na3 b6 8. Qc3 Nf6 9. Ne5 Ne4 10. Nc6+ Nxc6
11. Qd3 Bd2+ 12. Kd1 Nb4 13. Qh3 c5 14. e3 Nxf2+ 15. Kxd2 Nxh3 16. gxh3 Bb7 17. Rg1 Nd5 18. Nb5 Bc6 19. Nd6 f4 20. Nf7+ Ke7
21. Ne5 fxe3+ 22. Kd3 Bb5+ 23. Ke4 Bxf1 24. Rgxf1 Rhf8 25. Rg1 Rf4+ 26. Kd3 cxd4 27. Rg7+ Kf8 28. Rxh7 d6 29. Nc6 Rf2 30. Rh6 Nf4+
31. Kxd4 Rc8 32. Rh8+ Kf7 33. Rxc8 e2 34. Rg1 Rf1 35. Rgg8= e1=Q 36. Rcf8#
1-0

[Event "We Are Family"]
[Site "SchemingMind.com"]
[Date "2006.11.15"]
[Round "-"]
[White "Lee Shuck"]
[Black "DrunkChess"]
[Result "1-0"]
[WhiteCountry "ENG"]
[BlackCountry "GBR"]
[WhiteElo "1498"]
[WhiteRD "64"]
[BlackElo "950"]
[BlackRD "132"]
[GameID "76386"]

1. c4 c5 2. Nc3 Nc6 3. g3 e5 4. Bg2 Qf6 5. Nd5 Qd6 6. Nh3 Nf6 7. b3 a6 8. Nb6 Rb8 9. O-O Qd4 10. Bb2 Qxb2
11. Na4 Qd4 12. Nc3 Nb4 13. e3 Qg4 14. Qxg4 Nxg4 15. Bf3 Nf6 16. a3 Nc2 17. Ra2 Nxe3 18. dxe3 d6 19. Rd1 Bxh3 20. Ne4 Rd8
21. Ng5 d5 22. Nxh3 b6 23. cxd5 Bd6 24. Ng5 h6 25. Ne4 Be7 26. d6 b5 27. d7+ Rxd7 28. Nxc5 Rxd1+ 29. Bxd1 Bxc5 30. Rc2 Bf8
31. Rc6 Kd7 32. Rxa6 Ne4 33. Bg4+ Kc7 34. Ra7+ Kb6 35. Ra8 Nd2 36. a4 b4 37. Bd1 h5 38. h4 g6 39. Rd8 Ne4 40. Bf3 Nc5
41. Bd5 Kc7 42. Re8 f6 43. a5 Bg7 44. Re7+ Kd6 45. Rxg7 Kxd5 46. Rxg6 Ne4 47. Rg7 Ra8 48. g4 Rh8 49. Rb7 Kc5 50. f3 Nd2
51. Kf2 Nxb3 52. g5 f5 53. g6 Rg8 54. a6
1-0

[Event "We Are Family"]
[Site "SchemingMind.com"]
[Date "2006.11.15"]
[Round "-"]
[White "andy5698"]
[Black "DrunkChess"]
[Result "0-1"]
[WhiteCountry "ENG"]
[BlackCountry "GBR"]
[WhiteElo "1181"]
[WhiteRD "101"]
[BlackElo "950"]
[BlackRD "136"]
[GameID "76387"]

1. e4 c5 2. g4 Nf6 3. f3 h6 4. Bc4 d6 5. Bb5+ Bd7 6. a4 Qa5 7. c4 a6 8. Bxd7+ Nbxd7 9. b3 b5 10. Bb2 Ne5
11. Bc3 Qb6 12. Nh3 b4 13. Bb2 Qc6 14. d3 Nxf3+ 15. Qxf3 Qd7 16. Nf4 Qxg4 17. Qg3 Qxg3+ 18. hxg3 g5 19. Nh5 Ng4 20. Bxh8 f6
21. Bg7 Ne5 22. Kd2 Kf7 23. Bxf8 Kxf8 24. Rg1 Nf3+ 25. Kc2 Nxg1 26. Nd2 Ne2 27. g4 Nd4+ 28. Kb2 a5 29. Rf1 Ke8 30. Nf3 Kd8
31. Rh1 Nxf3 32. Ng3 Kc7 33. Nf5 Rh8 34. Nxh6 Ne5 35. Nf5= Rxh1 36. Kc2 Rh3
0-1

[Event "We Are Family"]
[Site "SchemingMind.com"]
[Date "2006.11.15"]
[Round "-"]
[White "aston294"]
[Black "DrunkChess"]
[Result "1-0"]
[WhiteCountry "ENG"]
[BlackCountry "GBR"]
[WhiteElo "949"]
[WhiteRD "67"]
[BlackElo "971"]
[BlackRD "122"]
[GameID "76388"]

1. e4 e5 2. Nf3 Nc6 3. Bb5 Nb4 4. c3 Nd3+ 5. Ke2 Nf4+ 6. Ke3 Nxg2+ 7. Ke2 Bc5 8. Nxe5 Nf4+ 9. Kf3 Qf6 10. d4 Ne7
11. dxc5 Neg6 12. Bxf4 Qxf4+ 13. Ke2 Nxe5 14. Nd2 Ng4 15. h3 Qxf2+ 16. Kd3 Qe3+ 17. Kc2 a6 18. Bc4 Ne5 19. Re1 Qxc5 20. Nb3 Qxc4
21. Nd4 c5 22. b3 Qb5 23. Nxb5 axb5 24. Qd5 Nf3 25. Rf1 Nh2 26. Rh1 Ng4 27. hxg4 d6 28. Qxd6 Bxg4 29. Qxc5 Bf3 30. Rhf1 Bxe4+
31. Kc1 Kd7 32. Rd1+ Ke8 33. Qxb5+ Ke7 34. Qe5+ Kf8 35. Qxe4 Re8 36. Qb4+ Re7 37. Rd8#
1-0

[Event "We Are Family"]
[Site "SchemingMind.com"]
[Date "2006.11.13"]
[Round "-"]
[White "eg1950"]
[Black "Lee Shuck"]
[Result "1-0"]
[WhiteCountry "ENG"]
[BlackCountry "ENG"]
[WhiteElo "1778"]
[WhiteRD "88"]
[BlackElo "1299"]
[BlackRD "60"]
[GameID "76541"]

1. e4 c5 2. Nf3 Nc6 3. d4 d6 4. d5 Nb4 5. Bb5+ Bd7 6. Bxd7+ Qxd7 7. a3 Na6 8. Nc3 g6 9. O-O Nf6 10. h3 O-O-O
11. Qe2 b6 12. Qxa6+ Qb7 13. Qxb7+ Kxb7 14. Nd2 a5 15. Nc4 Bg7 16. f3 h5 17. Bg5 Bh6 18. Bxf6 exf6 19. b4 axb4 20. axb4 cxb4
21. Nb5 f5 22. Ncxd6+ Kb8 23. Nxf7 Bg7 24. Ra6 Kb7 25. Ra7+ Kc8 26. Nfd6+
1-0

[Event "We Are Family"]
[Site "SchemingMind.com"]
[Date "2006.11.15"]
[Round "-"]
[White "eg1950"]
[Black "DrunkChess"]
[Result "1-0"]
[WhiteCountry "ENG"]
[BlackCountry "GBR"]
[WhiteElo "1676"]
[WhiteRD "89"]
[BlackElo "1014"]
[BlackRD "120"]
[GameID "76542"]

1. e4 d5 2. exd5 Qxd5 3. Nc3 Qd4 4. Nf3 Qd6 5. Nb5 Qc6 6. Nc3 Bg4 7. Be2 Qe6 8. O-O Nc6 9. Ng5 Qe5 10. Nxf7 e6
11. Nxe5 Nxe5 12. Bxg4 Ke7 13. Qe2 Nh6 14. Qxe5 Nxg4 15. Qxc7+ Kf6 16. Qf4+ Kg6 17. Qxg4+ Kf6 18. d3 h5 19. Ne4+ Ke5 20. Bf4+ Kd4
21. Be3+ Kd5 22. c4+ Kc6 23. Qxe6+ Kc7 24. Bf4+ Kd8 25. Bg5+ Kc7 26. Qf7+ Kc6 27. Qd5+ Kb6 28. Be3+ Kc7 29. Nc5 g6 30. Qd7+ Kb6
31. Nb3+ Ka6 32. Qb5#
1-0

[Event "We Are Family"]
[Site "SchemingMind.com"]
[Date "2006.11.13"]
[Round "-"]
[White "eg1950"]
[Black "andy5698"]
[Result "1-0"]
[WhiteCountry "ENG"]
[BlackCountry "ENG"]
[WhiteElo "1778"]
[WhiteRD "88"]
[BlackElo "1287"]
[BlackRD "71"]
[GameID "76543"]

1. e4 Nf6 2. e5 Nd5 3. d4 d6 4. Nf3 g6 5. Bc4 Be6 6. Bxd5 Bxd5 7. O-O h5 8. Nc3 Bc4 9. Re1 Nc6 10. b3 Ba6
11. Bb2 Bg7 12. exd6 cxd6 13. Na4 b5 14. d5 Nb8 15. Bxg7 Rg8 16. Bf6 Kd7 17. Rxe7+ Kc8 18. Rxf7 Qe8 19. Re7 Qf8 20. Re6 bxa4
21. Qd4 Nd7 22. Be7 Qf5 23. Qc3+ Nc5 24. Rae1 Re8 25. Bxd6 Rf8 26. Qxc5+ Kd7 27. Qc7#
1-0

[Event "We Are Family"]
[Site "SchemingMind.com"]
[Date "2006.11.18"]
[Round "-"]
[White "Lee Shuck"]
[Black "eg1950"]
[Result "1/2-1/2"]
[WhiteCountry "ENG"]
[BlackCountry "ENG"]
[WhiteElo "1299"]
[WhiteRD "60"]
[BlackElo "1778"]
[BlackRD "88"]
[GameID "76545"]

1. e4 e5 2. Nf3 Nc6 3. d4 exd4 4. Nxd4 Bc5 5. Nb3 d6 6. Bc4 Qf6 7. O-O Be6 8. Qe2 O-O-O 9. g3 a6 10. N1d2 h6
11. h4 Ne5 12. Nxc5 dxc5 13. f4 Bxc4 14. Nxc4 Nxc4 15. Qxc4 Qd4+ 16. Qxd4 cxd4 17. b3 Nf6 18. Re1 Rhe8 19. Kf1 Nxe4 20. g4 Nf6
21. g5 Rxe1+ 22. Kxe1 Re8+ 23. Kf1 hxg5 24. fxg5 Nd5 25. Bb2 Ne3+ 26. Kg1 c5 27. Re1 Kd7 28. Kf2 Ng4+ 29. Kf1 Ne3+ 30. Kf2= Nxc2
31. Re2 Rxe2+=
1/2-1/2

[Event "We Are Family"]
[Site "SchemingMind.com"]
[Date "2006.11.18"]
[Round "-"]
[White "DrunkChess"]
[Black "eg1950"]
[Result "0-1"]
[WhiteCountry "GBR"]
[BlackCountry "ENG"]
[WhiteElo "970"]
[WhiteRD "126"]
[BlackElo "1778"]
[BlackRD "88"]
[GameID "76546"]

1. Nc3 e5 2. Nf3 Nc6 3. h4 d5 4. a4 Nf6 5. b3 d4 6. Nb5 a6 7. Na3 Bd6 8. e3 O-O 9. Nb1 Bg4 10. Qe2 e4
11. d3 exf3 12. gxf3 Bh5 13. Rg1 Ne5 14. exd4 Nc6 15. Bh3 Re8 16. Be6 Rxe6 17. Be3 Bf4 18. Qf1 Qxd4 19. Nc3 Qxc3+ 20. Ke2 Nd4+
21. Kd1 Bxf3+ 22. Kc1 Qxc2#
0-1

[Event "We Are Family"]
[Site "SchemingMind.com"]
[Date "2006.11.18"]
[Round "-"]
[White "andy5698"]
[Black "eg1950"]
[Result "0-1"]
[WhiteCountry "ENG"]
[BlackCountry "ENG"]
[WhiteElo "1287"]
[WhiteRD "71"]
[BlackElo "1778"]
[BlackRD "88"]
[GameID "76547"]

1. b3 e5 2. Nc3 d5 3. e4 d4 4. Na4 Bd7 5. d3 Bxa4 6. bxa4 Bb4+ 7. Bd2 Bxd2+ 8. Qxd2 Nc6 9. c3 Nf6 10. c4 O-O
11. Nf3 Qe7 12. Rb1 b6 13. g3 Nd7 14. Bh3 Nc5 15. O-O a5 16. Nh4 f6 17. Nf5 Qf7 18. Qe2 Ne7 19. f4 Nxf5 20. Bxf5 g6
21. Bh3 Qe7 22. f5 g5 23. g4 Nxa4 24. Qc2 Nc3 25. Rb2 Qa3 26. Bg2 Rfb8 27. Bf3 b5 28. Bd1 bxc4 29. Be2 Qxb2 30. Qc1 Qxc1
31. Rxc1 Nxe2+ 32. Kf1 Nxc1
0-1

[Event "We Are Family"]
[Site "SchemingMind.com"]
[Date "2006.12.08"]
[Round "-"]
[White "Samurai_Postman"]
[Black "Lee Shuck"]
[Result "1-0"]
[WhiteCountry "GBR"]
[BlackCountry "ENG"]
[WhiteElo "1310"]
[WhiteRD "123"]
[BlackElo "1299"]
[BlackRD "60"]
[GameID "80948"]

1. e3 e5 2. Bc4 b6 3. Qf3 f6 4. Qd5 Qe7 5. b3 Nc6 6. Ba3 Qe6 7. Qf3 Nd4 8. exd4 Qc6 9. d5 Bb7 10. dxc6 Bxc6
11. Bd5 O-O-O 12. Bxc6 dxc6 13. Qxc6 Bd6 14. Qa8+ Kd7 15. Qxa7 Ne7 16. c4 Ra8 17. Qb7 Rab8 18. Qf3 Ra8 19. Qd3 c5 20. Nc3 Rxa3
21. Nb5 Raa8 22. Qxd6+ Ke8 23. Nc7+ Kf7 24. Qe6+ Kg6 25. Qxe7 Ra7 26. Rc1 Rc8 27. Qd7 Rcxc7 28. Qd3+ f5 29. Qd6+ Kf7 30. Qxe5 Re7
31. Nf3 h6 32. Rc3 Rxe5+ 33. Nxe5+ Kf6 34. Nc6 Rxa2 35. Ke2 g5 36. h4 g4 37. Rd3 Ra3 38. Rd6+ Kg7 39. Rc1 Rxb3 40. Ra1 Rb4
41. Ra7+ Kf8 42. Rd8#
1-0

[Event "We Are Family"]
[Site "SchemingMind.com"]
[Date "2006.12.12"]
[Round "-"]
[White "Samurai_Postman"]
[Black "eg1950"]
[Result "1-0"]
[WhiteCountry "GBR"]
[BlackCountry "ENG"]
[WhiteElo "1285"]
[WhiteRD "145"]
[BlackElo "1537"]
[BlackRD "115"]
[GameID "80949"]

1. h4 d6 2. e4 e5 3. Nh3 Nf6 4. h5 h6 5. f4 Nc6 6. Qf3 Nd4 7. Qc3 Nxe4 8. Qe3 Nxc2+ 9. Ke2 Nxe3 10. Kxe3 Ng3
11. Rg1 Nxf1+ 12. Rxf1 Bxh3 13. gxh3 Qh4 14. d4 Qxh3+ 15. Ke2 Qxh5+ 16. Kd3 Qh3+ 17. Ke2 Qg2+ 18. Ke1 Qe4+ 19. Kd1 Qxd4+ 20. Nd2 O-O-O
21. Re1 Qxf4 22. Rf1 Qg4+ 23. Ke1 f5 24. b3 d5 25. Nf3
1-0

[Event "We Are Family"]
[Site "SchemingMind.com"]
[Date "2006.12.08"]
[Round "-"]
[White "Samurai_Postman"]
[Black "DrunkChess"]
[Result "1-0"]
[WhiteCountry "GBR"]
[BlackCountry "GBR"]
[WhiteElo "1321"]
[WhiteRD "124"]
[BlackElo "1014"]
[BlackRD "120"]
[GameID "80950"]

1. e3 c5 2. Bc4 e6 3. Qf3 d5 4. Bb5+ Bd7 5. Na3 a6 6. Bd3 Nh6 7. g4 Bc6 8. Nh3 d4 9. Qf4 Bxh1 10. g5 Ng8
11. g6 hxg6 12. Ng5 f6 13. Nxe6 Qe7 14. Nc7+ Kd7 15. Nd5 Qe6 16. Qc7+ Ke8 17. Bxg6+ Qf7 18. Qc8#
1-0

[Event "We Are Family"]
[Site "SchemingMind.com"]
[Date "2006.12.07"]
[Round "-"]
[White "Samurai_Postman"]
[Black "andy5698"]
[Result "1-0"]
[WhiteCountry "GBR"]
[BlackCountry "ENG"]
[WhiteElo "1332"]
[WhiteRD "136"]
[BlackElo "1230"]
[BlackRD "74"]
[GameID "80951"]

1. e3 e5 2. Bc4 d5 3. Bb3 e4 4. Qe2 Nf6 5. g4 Nxg4 6. h3 Nf6 7. Ba4+ Bd7 8. Bxd7+ Nbxd7 9. f3 exf3 10. Qxf3 Bd6
11. Ne2 O-O 12. b3 Ne5 13. Qg2 Nc6 14. Rg1 Nb4 15. Qxg7#
1-0

[Event "We Are Family"]
[Site "SchemingMind.com"]
[Date "2006.12.12"]
[Round "-"]
[White "Lee Shuck"]
[Black "Samurai_Postman"]
[Result "1-0"]
[WhiteCountry "ENG"]
[BlackCountry "GBR"]
[WhiteElo "1287"]
[WhiteRD "65"]
[BlackElo "1332"]
[BlackRD "136"]
[GameID "80953"]

1. e4 e6 2. d4 Nh6 3. Nf3 g5 4. Nxg5 Rg8 5. Nxh7 Rg4 6. e5 d6 7. Nf6+ Ke7 8. Nxg4 Nf5 9. Bg5+ f6 10. Bxf6+ Ke8
11. Bxd8 Kxd8 12. Qd2 Bd7 13. Nf6 Bh6 14. f4 a6 15. Nc3 dxe5 16. dxe5 Nc6 17. Qxd7#
1-0

[Event "We Are Family"]
[Site "SchemingMind.com"]
[Date "2006.12.12"]
[Round "-"]
[White "eg1950"]
[Black "Samurai_Postman"]
[Result "1-0"]
[WhiteCountry "ENG"]
[BlackCountry "GBR"]
[WhiteElo "1778"]
[WhiteRD "88"]
[BlackElo "1310"]
[BlackRD "123"]
[GameID "80954"]

1. e4 Nf6 2. Nc3 e6 3. Nf3 Qe7 4. d4 b6 5. Bg5 c5 6. dxc5 Qxc5 7. Bxf6 gxf6 8. Qd4 Bh6 9. Qxc5 Na6 10. Qd4 Bb7
11. Qxf6 O-O 12. Qxh6 d5 13. Ng5 Rad8 14. Qxh7#
1-0

[Event "We Are Family"]
[Site "SchemingMind.com"]
[Date "2006.12.08"]
[Round "-"]
[White "DrunkChess"]
[Black "Samurai_Postman"]
[Result "1-0"]
[WhiteCountry "GBR"]
[BlackCountry "GBR"]
[WhiteElo "950"]
[WhiteRD "136"]
[BlackElo "1285"]
[BlackRD "141"]
[GameID "80955"]

1. Nc3 e6 2. e4 Qf6 3. Nh3 g5 4. f3 Bc5 5. Qe2 b6 6. Nb5 Bb7 7. c3 Na6 8. d4 Be7 9. Nxc7+ Kd8 10. Nb5 e5
11. Bxg5 Qg7 12. Qc4 Rc8 13. Qd5 Bxd5 14. Nxa7 Rc7 15. Nb5 Rc8 16. Be3 Bb7 17. O-O-O Nc7 18. Na3 d6 19. d5 Nf6 20. Bxb6 Nxd5
21. exd5 Bg5+ 22. Kc2
1-0

[Event "We Are Family"]
[Site "SchemingMind.com"]
[Date "2006.12.07"]
[Round "-"]
[White "andy5698"]
[Black "Samurai_Postman"]
[Result "1-0"]
[WhiteCountry "ENG"]
[BlackCountry "GBR"]
[WhiteElo "1287"]
[WhiteRD "71"]
[BlackElo "1310"]
[BlackRD "123"]
[GameID "80956"]

1. e4 Nf6 2. e5 Ne4 3. d3 Nc5 4. d4 Ne4 5. Bd3 Ng5 6. Nf3 f6 7. h4 Nf7 8. Be3 b6 9. Nc3 fxe5 10. dxe5 d6
11. e6 Bxe6 12. Be4 c6 13. Nd4 c5 14. Nxe6 Qd7 15. Bf5 Nh6 16. g4 g6 17. Nxf8 Qc6 18. Qd5 gxf5 19. Bxh6 fxg4 20. O-O-O a6
21. Rhg1 Qxd5 22. Rxd5 Kf7 23. Rf5+ Ke8 24. Rxg4 Kd8 25. Nd5 Nc6 26. Nxb6 Rb8 27. Ne6+ Ke8 28. Nd5 Ne5 29. Ndc7+ Kd7 30. Nxa6 Rbg8
31. Bg7 Kxe6 32. Rgg5 Nf7 33. Nc7+ Kd7 34. Rxf7 Kxc7 35. Rxe7+ Kd8 36. Bf6 Re8 37. Rf7+ Kc8 38. Bxh8 Rxh8 39. Rgg7 Kd8 40. a4 Ke8
41. a5 Rf8 42. Re7+ Kd8 43. a6 Re8 44. Rb7 Re1+ 45. Kd2 Re4 46. Rb8#
1-0

[Event "We Are Family"]
[Site "SchemingMind.com"]
[Date "2006.12.07"]
[Round "-"]
[White "aston294"]
[Black "Samurai_Postman"]
[Result "0-1"]
[WhiteCountry "ENG"]
[BlackCountry "GBR"]
[WhiteElo "949"]
[WhiteRD "67"]
[BlackElo "1332"]
[BlackRD "136"]
[GameID "80957"]

1. e4 Nf6 2. e5 Ng4 3. Qxg4 d6 4. f4 Bxg4 5. h3 Bf5 6. g4 Be4 7. Rh2 Qd7 8. Re2 Bd5 9. Nc3 Qc6 10. Nf3 Bxf3
11. Re3 g6 12. Rxf3 Qxf3 13. Nd5 Qxd5 14. Bb5+ Qxb5 15. c3 dxe5 16. f5 gxf5 17. a4 Qd3 18. gxf5 Rg8
0-1